000 01067cam a2200301 i 4500
999 _c31388
_d31388
001 22838836
003 PACU
005 20221105170015.0
008 221024s2021 ke a b 000 0 eng
010 _a 2022322822
020 _a9789966817624
040 _aDLC
_beng
_cPACU
_erda
042 _alcode
_apcc
050 _aHD77
_b.S553 2021
100 1 _aShibia, Adan Guyo.
245 1 0 _aDeterminants of manufacturing firms' research and development investments in Kenya /
_cAdan Guyo Shibia.
264 1 _aNairobi, Kenya :
_bKenya Institute for Public Research and Analysis,
_c2021.
300 _avi, 76 pages :
_bcolor illustrations ;
_c25 cm.
336 _atext
_btxt
_2rdacontent
337 _aunmediated
_bn
_2rdamedia
338 _avolume
_bnc
_2rdacarrier
490 0 _aKIPPRA discussion paper ;
_vno. 251
504 _aIncludes bibliographical references (pages 57-67).
650 _aResearch and Development
906 _a0
_bibc
_corigode
_d3
_encip
_f20
_gy-gencatlg
942 _2lcc
_cSPEC
_hHD77
_i.S553 2021